| 000 | 00514cam a22002171 4500 | ||
|---|---|---|---|
| 001 | sa 65000206 | ||
| 003 | DLC | ||
| 005 | 20260227112101.0 | ||
| 008 | 890517s1963 xx 000 0 beno | ||
| 010 | _asa 65000206 | ||
| 035 | _a(OCoLC)23556652 | ||
| 040 |
_aDLC _cMiU _dDLC |
||
| 042 | _apremarc | ||
| 050 | 0 | 0 |
_aHD2956 _b.A4 |
| 100 | 1 | _aAhmed, Maniruddin. | |
| 245 | 1 | 0 | _aRacḍelera itikathā. |
| 260 | _c1963. | ||
| 300 |
_a34 p. _billus. _c25 cm. |
||
| 500 | _aRomanized. | ||
| 650 | 0 | _aRochdale system | |
| 999 |
_c61432 _d61432 |
||